[Event "Trumpeter Classic op"]
[Site "Grande Prairie"]
[Date "2010.01.30"]
[Round "3"]
[White "Sequillion, Aaron"]
[Black "Caughlin, Wade"]
[Result "1-0"]
[WhiteElo "1999"]
[BlackElo "1927"]
[PlyCount "63"]
[EventDate "2010.01.30"]
[EventType "swiss"]
[EventRounds "5"]
[EventCountry "CAN"]
[SourceTitle "EXT 2011"]
[Source "ChessBase"]
[SourceDate "2010.11.26"]
[SourceVersion "1"]
[SourceVersionDate "2010.11.26"]
[SourceQuality "1"]

1. e4 c5 2. Nf3 e6 3. d4 cxd4 4. Nxd4 Nc6 5. Nc3 a6 6. Nxc6 bxc6 7. Bd3 d5 8. 0-0 Nf6 9. Bg5 Be7 10. e5 Nd7 11. Bxe7 Qxe7 12. Qg4 g6 13. f4 Rb8 14. Rab1 Rb4 15. Qe2 Nc5 16. a3 Rb8 17. b4 Nxd3 18. Qxd3 Qa7+ 19. Kh1 Bd7 20. Qh3 0-0 21. Qh4 Qc7 22. Na4 Qd8 23. Qf2 a5 24. Nc5 Rb5 25. c3 Bc8 26. Rbd1 Rb8 27. Ne4 Ba6 28. Nf6+ Kg7 29. Qh4 Rh8 30. Rf3 Be2 31. Rh3 Bxd1 32. Qh6# 1-0

[Event "Grande Prairie Trumpeter op"]
[Site "Grande Prairie"]
[Date "2009.02.01"]
[Round "5"]
[White "Moloney, Nicholas"]
[Black "Caughlin, Wade"]
[Result "1-0"]
[WhiteElo "2199"]
[BlackElo "1788"]
[PlyCount "113"]
[EventDate "2009.01.31"]
[EventType "swiss"]
[EventRounds "5"]
[EventCountry "CAN"]
[SourceTitle "EXT 2011"]
[Source "ChessBase"]
[SourceDate "2010.11.26"]
[SourceVersion "1"]
[SourceVersionDate "2010.11.26"]
[SourceQuality "1"]

1. d4 Nf6 2. Bg5 Ne4 3. Bh4 d5 4. f3 Nd6 5. e3 Nc4 6. Bxc4 dxc4 7. c3 b5 8. Nd2 Bb7 9. Ne2 Qd6 10. 0-0 Qh6 11. Bf2 e6 12. e4 Be7 13. a4 c6 14. b3 cxb3 15. Nxb3 Nd7 16. axb5 cxb5 17. Qd3 a6 18. Na5 Bc8 19. Be3 Qf6 20. c4 bxc4 21. Qxc4 0-0 22. Rfb1 Bd8 23. Qc6 Bxa5 24. Qxa8 Nb6 25. Qa7 Nc4 26. Qc5 Nxe3 27. Rxa5 Bd7 28. Qc3 Qh6 29. Ra3 Nxg2 30. Kxg2 Rc8 31. Qe3 Qh5 32. Rc3 Ra8 33. Qf4 h6 34. Rb8+ Rxb8 35. Qxb8+ Kh7 36. Qe5 Qh4 37. Rc7 Qe1 38. Rxd7 Qxe2+ 39. Kg3 Qe1+ 40. Kg4 Qg1+ 41. Qg3 Qe3 42. Kh3 Kg8 43. d5 exd5 44. exd5 Qd3 45. Rd8+ Kh7 46. d6 g5 47. d7 Qf1+ 48. Qg2 Qd3 49. Qf2 h5 50. Kg2 h4 51. h3 Qd6 52. f4 Qe7 53. Re8 Qxd7 54. Re3 Qd5+ 55. Rf3 Qd8 56. Qe2 Qd7 57. Qd3+ 1-0

[Event "Trumpeter Classic op"]
[Site "Grande Prairie"]
[Date "2007.01.27"]
[Round "2"]
[White "Caughlin, Wade"]
[Black "Culjaga, Marko"]
[Result "1-0"]
[WhiteElo "1740"]
[BlackElo "1694"]
[PlyCount "55"]
[EventDate "2007.01.27"]
[EventType "swiss"]
[EventRounds "5"]
[EventCountry "CAN"]
[SourceTitle "EXT 2008"]
[Source "ChessBase"]
[SourceDate "2007.11.25"]
[SourceVersion "1"]
[SourceVersionDate "2007.11.25"]
[SourceQuality "1"]

1. e4 e5 2. Nf3 Nc6 3. Bb5 a6 4. Ba4 b5 5. Bb3 Nf6 6. 0-0 Bc5 7. Re1 0-0 8. Nxe5 Bxf2+ 9. Kxf2 Nxe5 10. Kg1 Bb7 11. d4 Ng6 12. Bg5 h6 13. Bxf6 Qxf6 14. Nc3 Nf4 15. Re3 Rae8 16. Qg4 Qg5 17. Qxg5 hxg5 18. g3 Ne6 19. Rd1 f6 20. Ree1 d6 21. Nd5 Rf7 22. e5 dxe5 23. dxe5 Nc5 24. Nxc7 Nxb3 25. Nxe8 Re7 26. exf6 Rxe1+ 27. Rxe1 Nd4 28. Re7 1-0